| 000 | 00573nam a2200169 4500 | ||
|---|---|---|---|
| 008 | 031110s1978 txu b 000 0 eng | ||
| 020 | _a084990112X :USD7.95 | ||
| 090 |
_aBS1161.R3 _bC86 |
||
| 100 | 1 | _aCrenshaw, James L. | |
| 245 | 1 | 4 |
_aGerhard von Rad / _cby James L. Crenshaw. |
| 260 |
_aWaco, Texas. : _bWord Books, _cc1978. |
||
| 300 |
_a193 p. ; _c23 cm. |
||
| 490 | 0 | _aMakers of the modern theological mind | |
| 504 | _aBibliography: p. 190-193. | ||
| 600 | 1 | 4 |
_aRad, Gerhard von, _d1901-1971 |
| 951 |
_p18786 _x00005849 _oBS1161.R3/C86 _j070613111322031 _d2000-12-21 _cGC |
||
| 999 |
_c18065 _d18065 |
||